| 000 | 00876nam a22002417a 4500 | ||
|---|---|---|---|
| 005 | 20090603120731.0 | ||
| 008 | 090603t xxu||||| |||| 00| 0 eng d | ||
| 010 | _aENG-93848 | ||
| 020 |
_a9788131303344 _c695.00 |
||
| 035 | _aEN-77381 | ||
| 037 | _bDBAD / PUB | ||
| 040 |
_adpl _bEnglish |
||
| 082 | _a647.94068 | ||
| 100 | _aChakravarti, B.K. | ||
| 245 |
_aHotel management / _cby B.K. Chakravarti |
||
| 260 |
_aNew Delhi _bAPH Publishing Corporation _c2009 |
||
| 270 |
_a4435-36/7, Ansari Road, Daryaganj, _bNew Delhi _e110002 |
||
| 300 |
_axi, 303p. _c22cm(Hb) |
||
| 500 | _aIncludes index | ||
| 650 | _aHotel management | ||
| 942 |
_2ddc _cEN _mCHA _h647.94068 |
||
| 999 |
_c27179 _d27179 |
||